000 01009nam0a2200325 i 4500
001 RU\NLR\bibl\1993665
005 20240921173823.0
010 _a9785964803577
_91000
021 _aRU
_b2012-101519
_97482
035 _a(nilc)RuMoRGB-006513179
035 _a(NLR Aleph) 001982137
090 _a4105609
_c4105609
100 _a20130117d2012 u y0rusy50 ca
101 0 _arus
102 _aRU
105 _aa |||||||||
200 1 _aКэш
_e[детективный роман]
_fАртур Таболов
210 _aМосква
_cОлимп
_d2012
215 _a316, [1] с.
_d21
686 _aШ6(2=Р)8-446
700 1 _4070
_7ca
_8rus
_aТаболов
_bА. Б.
_f1958-
_gАртур Батразович
_9262862
_3RU\NLR\AUTH\770262918
801 0 _aRU
_bRuMoRKP
_c20130117
_gRCR
801 2 _aRU
_bРГБ
_c20130131
_grcr
801 1 _aRU
_bRuMoRKP
_c20130117
_2rusmarc
801 2 _aRU
_bNLR
_c20130130
_grcr
830 _aпо кн
942 _cBOOK
980 _aNBR